000 00944nam a22003137a 4500
001 BR0002386
003 BR-BrBNA
005 20230928100648.0
007 ta
008 230509b bl.||||| |||| 00| 0 por d
040 _aBR-BrBNA
_bpor
_cBiblioteca Nacional de Agricultura
041 _a(Por)
072 _aQ03
_b0120
_b4120
090 _ 0120 BR0002386
100 1 _aMolin, R.
110 1 _aEscola Superior de Agricultura Luiz de Queiroz, Piracicaba, SP (Brasil)
_0Tese (Mestre em Agronomia)
245 1 _aAvaliacao de micotoxinas em graos de milho nos estadios fenologicos proximos a colheita
260 3 _aPiracicaba, SP (Brasil):
_c1999.
300 _a68 p.
500 _aSummaries (Eng, Por); Bibliography p. 57-68; 12 tables
650 _aMilho
650 _aAflatoxina
650 _aToxina
650 _aFungo
650 _aPre-Colheita
650 _aQualidade
909 _a202309
_bLucia
_c55
_dLucia Elande
942 _cBK
999 _c62239
_d62239